<?xml version="1.0" encoding="UTF-8"?>
<record
    xmlns:xsi="http://www.w3.org/2001/XMLSchema-instance"
    xsi:schemaLocation="http://www.loc.gov/MARC21/slim http://www.loc.gov/standards/marcxml/schema/MARC21slim.xsd"
    xmlns="http://www.loc.gov/MARC21/slim">

  <leader>01660namaa22003251i 4500</leader>
  <controlfield tag="005">20260502122209.0</controlfield>
  <controlfield tag="008">260414s1995    ua a|||frm||| 000 0 eng d</controlfield>
  <datafield tag="040" ind1=" " ind2=" ">
    <subfield code="a">EG-GICUC</subfield>
    <subfield code="b">eng</subfield>
    <subfield code="c">EG-GICUC</subfield>
    <subfield code="d">EG-GICUC</subfield>
    <subfield code="e">rda</subfield>
  </datafield>
  <datafield tag="041" ind1="0" ind2=" ">
    <subfield code="a">eng</subfield>
    <subfield code="b">eng</subfield>
    <subfield code="b">ara</subfield>
  </datafield>
  <datafield tag="049" ind1=" " ind2=" ">
    <subfield code="a">Deposit</subfield>
  </datafield>
  <datafield tag="097" ind1=" " ind2=" ">
    <subfield code="a">Ph.D</subfield>
  </datafield>
  <datafield tag="099" ind1=" " ind2=" ">
    <subfield code="a">Cai01.07.08.Ph.D.1995.Mo.P.</subfield>
  </datafield>
  <datafield tag="100" ind1="0" ind2=" ">
    <subfield code="a">Mohamed Darwish Mohamed Betana,</subfield>
    <subfield code="e">preparation.</subfield>
  </datafield>
  <datafield tag="245" ind1="1" ind2="0">
    <subfield code="a">The Potential Use Of Genetically Engineered Baculoviruses ( Recombinant DNA ) For Minimizing The Cotton Bollworm, Hrliothis Virescens (F.) To Insecticides / </subfield>
    <subfield code="c">By Mohamed Darwish Mohamed Betana; Supervisor Prof. Dr. Hosni S. M. Fahmy, Prof. Dr. Mohsen EL Guidy, Prof. Dr. Ahmed EL-Sharkaury. </subfield>
  </datafield>
  <datafield tag="246" ind1="1" ind2="5">
    <subfield code="a">&#x625;&#x645;&#x643;&#x627;&#x646;&#x64A;&#x629; &#x627;&#x633;&#x62A;&#x62E;&#x62F;&#x627;&#x645; &#x627;&#x644;&#x641;&#x64A;&#x631;&#x648;&#x633;&#x627;&#x62A; &#x627;&#x644;&#x639;&#x635;&#x648;&#x64A;&#x629; &#x627;&#x644;&#x645;&#x647;&#x646;&#x62F;&#x633;&#x629; &#x648;&#x631;&#x627;&#x62B;&#x64A;&#x627; ( Recombinant DNA) &#x643;&#x648;&#x633;&#x64A;&#x644;&#x629; &#x644;&#x62A;&#x642;&#x644;&#x64A;&#x644; &#x648;&#x627;&#x644;&#x62A;&#x63A;&#x644;&#x628; &#x639;&#x644;&#x649; &#x645;&#x634;&#x643;&#x644;&#x629; &#x645;&#x642;&#x627;&#x648;&#x645;&#x629; &#x62F;&#x648;&#x62F;&#x629; &#x627;&#x644;&#x644;&#x648;&#x632; &#x627;&#x644;&#x623;&#x645;&#x631;&#x64A;&#x643;&#x64A;&#x629; Heliothis Virescens (F.) &#x644;&#x645;&#x641;&#x639;&#x648;&#x644; &#x627;&#x644;&#x645;&#x628;&#x64A;&#x62F;&#x627;&#x62A; </subfield>
  </datafield>
  <datafield tag="264" ind1=" " ind2="0">
    <subfield code="c">1995.</subfield>
  </datafield>
  <datafield tag="300" ind1=" " ind2=" ">
    <subfield code="a">87 Leaves : </subfield>
    <subfield code="b">illustrations ;</subfield>
    <subfield code="c">30 cm. + </subfield>
  </datafield>
  <datafield tag="336" ind1=" " ind2=" ">
    <subfield code="2">rda content</subfield>
    <subfield code="a">text</subfield>
  </datafield>
  <datafield tag="337" ind1=" " ind2=" ">
    <subfield code="2">rdamedia</subfield>
    <subfield code="a">Unmediated</subfield>
  </datafield>
  <datafield tag="338" ind1=" " ind2=" ">
    <subfield code="2">rdacarrier</subfield>
    <subfield code="a">volume</subfield>
  </datafield>
  <datafield tag="502" ind1=" " ind2=" ">
    <subfield code="a">Thesis (Ph.D)-Cairo University, 1995.</subfield>
  </datafield>
  <datafield tag="504" ind1=" " ind2=" ">
    <subfield code="a">Bibliography: pages 75-87.</subfield>
  </datafield>
  <datafield tag="653" ind1=" " ind2="0">
    <subfield code="a">Pesticides </subfield>
  </datafield>
  <datafield tag="700" ind1="0" ind2=" ">
    <subfield code="a">Hosni S. M. Fahmy</subfield>
    <subfield code="e">thesis advisor.</subfield>
  </datafield>
  <datafield tag="700" ind1="0" ind2=" ">
    <subfield code="a">Mohsen EL Guidy</subfield>
    <subfield code="e">thesis advisor.</subfield>
  </datafield>
  <datafield tag="700" ind1="0" ind2=" ">
    <subfield code="a">Ahmed EL-Sharkaury</subfield>
    <subfield code="e">thesis advisor.</subfield>
  </datafield>
  <datafield tag="900" ind1=" " ind2=" ">
    <subfield code="D">Department of Pesticides </subfield>
    <subfield code="F">Faculty of Agriculture </subfield>
    <subfield code="U">Cairo University</subfield>
    <subfield code="b">1995</subfield>
    <subfield code="c">Hosni S. M. Fahmy</subfield>
    <subfield code="c">Mohsen EL Guidy</subfield>
    <subfield code="c">Ahmed EL-Sharkaury</subfield>
  </datafield>
  <datafield tag="905" ind1=" " ind2=" ">
    <subfield code="a">Eman El gebaly </subfield>
    <subfield code="e">Nourhan</subfield>
  </datafield>
  <datafield tag="942" ind1=" " ind2=" ">
    <subfield code="2">ddc</subfield>
    <subfield code="c">TH</subfield>
    <subfield code="e">21</subfield>
    <subfield code="n">0</subfield>
  </datafield>
  <datafield tag="999" ind1=" " ind2=" ">
    <subfield code="c">179454</subfield>
  </datafield>
  <datafield tag="952" ind1=" " ind2=" ">
    <subfield code="2">ddc</subfield>
    <subfield code="9">316530</subfield>
    <subfield code="a">CUCL</subfield>
    <subfield code="b">100</subfield>
    <subfield code="d">2026-04-14</subfield>
    <subfield code="i">26655</subfield>
    <subfield code="o">Cai01.07.08.Ph.D.1995.Mo.P.</subfield>
    <subfield code="p">01010110026655000</subfield>
    <subfield code="r">2026-04-14 10:23:39</subfield>
    <subfield code="w">2026-04-14</subfield>
    <subfield code="y">TH</subfield>
  </datafield>
</record>
